|
|
|
|
| LEADER |
01081nab#a2200385#ar4500 |
| 001 |
000120321 |
| 003 |
SVKKK |
| 005 |
20170914103758.0 |
| 008 |
170914c2017 xo |||||||||||||||b|slo |
| FMT |
|
|
|
| 015 |
|
|
|a SNBRB2017/09
|
| 038 |
|
|
|a SVKKK
|
| 040 |
|
|
|a SVKKK
|b slo
|e AACR2
|
| 041 |
0 |
|
|a slo
|b slo
|
| 044 |
|
|
|a xo
|c SK
|
| 080 |
|
|
|a 502.17
|2 2011
|
| 080 |
|
|
|a 62‑665.3
|2 2011
|
| 100 |
1 |
|
|a Bosák, Martin
|4 aut
|
| 245 |
1 |
0 |
|a Poplatok za komunálne odpady na západnom Slovensku - v Nitrianskom kraji
|c Martin Bosák
|
| 300 |
|
|
|b Obr., tab.
|
| 504 |
|
|
|a Bibliogr. odkazy
|
| 546 |
|
|
|a Res. slov.
|
| 650 |
0 |
4 |
|a ochrana životného prostredia
|
| 650 |
0 |
4 |
|a odpadové hospodárstvo
|
| 650 |
0 |
4 |
|a komunálny odpad
|x poplatky
|
| 651 |
|
4 |
|a západné Slovensko
|
| 773 |
0 |
|
|t Odpady (Minimalizácia, zhodnocovanie a zneškodňovanie)
|g Roč. 17, č. 4 (2017), s. 24-28
|x 1335-7808
|
| 958 |
|
|
|a NB
|
| 974 |
|
|
|a Va
|
| 992 |
|
|
|a RBX
|
| BAS |
|
|
|
| 852 |
|
|
|a SVKKK
|b BIB
|
| 856 |
4 |
1 |
|a http://epos.sk/images/stories/ODPADY/Odpady_4-2017web.pdf
|
| EXP |
|
|
|
| 998 |
|
|
|a GEO
|